Statistics for England County Quiz - Nottinghamshire

Click here to take the quiz!

General Stats

  • This quiz has been taken 181 times
  • The average score is 10 of 15

Answer Stats

HintAnswer% Correct
County townNottingham
98%
Legendary outlaw associated with the countyRobin Hood
96%
The area in which the legendary outlaw lived{Sherwood} Forest
96%
Major river which flows through the countyTrent
94%
Major Nottingham based health and pharmacy company, founded in 1849Boots
76%
Nottingham was once the heart of an industry making this delicate fabricLace
66%
In 1216 this king and Magna Carta signatory died of dysentery in NottinghamshireJohn
65%
Earlier name for the A1 trunk road which passes through Nottinghamshire{Great}
North Road
60%
Nottingham pub which claims to be the oldest in Britain, possibly dating from 1189Ye Olde Trip
to {Jerusalem}
59%
Newstead Abbey in Nottinghamshire is the ancestral home of this 'Romantic' poetLord Byron
51%
Mansfield born swimmer who won two gold medals at the 2008 Summer OlympicsRebecca
Adlington
51%
Market town in the east of the county, once linked with the wool and cloth tradeNewark
49%
Painkiller drug discovered by the above company and marketed as Nurofen and AdvilIbuprofen
46%
Born in Sneinton in 1829, preacher William Booth went on to form this charitySalvation Army
46%
Daughter of the above poet and a pioneer in the field of computer programmingAda Lovelace
35%

Score Distribution

Percentile by Number Answered

Percent of People with Each Score

Your Score History

You have not taken this quiz